00557nam a22001817a 4500999001900000005001700019010001500036020002300051035001400074037001300088082001300101100001700114245009300131260004100224270006300265300002000328942002700348 c196791d19679120230727153608.0 aENG-137623 a8177694502c295.00 aEN-121155 bDBAD/PUB a294.5092 aGavand, Dada aIntelligence Beyond ThoughtcEdited by Dada GavandhENGbExploding the mechanism of mind bPilgrims Publishing c2006aVaranasi aB.27/98 A-8, Nawabganj, Road, DurgakundbVaranashie221010 a397p.c23cm(hb) 2ddccENh294.5092kGAV